| 000 | 00859nam a2200241 a 4500 | ||
|---|---|---|---|
| 001 | 62647 | ||
| 003 | BD-RjUL | ||
| 005 | 20211209081116.0 | ||
| 008 | 170124s1962 enkac 00000 eng d | ||
| 035 | _a(BD-RjUL)62773 | ||
| 035 | _a2339955 | ||
| 040 |
_aANL _beng _dANL _cBD-RjUL |
||
| 041 | _aeng | ||
| 082 |
_223 _a820.902 _bENG 1962 |
||
| 245 | 0 | 0 |
_aEnglish and medieval studies : _bpresented to J.R.R. Tolkien on the occasion of his seventieth birthday / _cedited by Norman Davis and C.L. Wrenn. |
| 260 |
_aLondon : _bAllen & Unwin, _c1962. |
||
| 300 |
_a339 p. : _bill. ; _c23 cm. |
||
| 600 | 1 | 0 |
_aTolkien, J. R. R. _q(John Ronald Reuel), _d1892-1973. _9189472 |
| 650 | 0 |
_aEnglish literature _yMiddle English, 1100-1500. _9186263 |
|
| 700 | 1 |
_aDavis, Norman, _d1913- _9186264 |
|
| 700 | 1 |
_aWrenn, C. L. _q(Charles Leslie), _d1895- _9186265 |
|
| 942 |
_2ddc _cBK |
||
| 999 |
_c62647 _d62647 |
||